Công tác xã hội với người khuyết tật
Nội dung giới thiệu tổng quan về người khuyết tật. Nhu cầu, rào cản, vấn đề tiếp cận và tạo điều kiện thích hợp cho người khuyết tật. Cơ sở pháp lý và các tổ chức bảo vệ của người khuyết tật. Quản lý trường hợp với người...
Saved in:
| Main Author: | |
|---|---|
| Format: | Book |
| Language: | Undetermined |
| Published: |
Thành phố Hồ Chí Minh
Trường Đại học Mở
2018
|
| Subjects: | |
| Tags: |
Add Tag
No Tags, Be the first to tag this record!
|
| Institutions: | Trung tâm Học liệu Trường Đại học Cần Thơ |
|---|
| LEADER | 01213nam a2200229Ia 4500 | ||
|---|---|---|---|
| 001 | CTU_237553 | ||
| 008 | 210402s9999 xx 000 0 und d | ||
| 082 | |a 362.4 | ||
| 082 | |b Th107 | ||
| 100 | |a Nguyễn, Kim Thanh | ||
| 245 | 0 | |a Công tác xã hội với người khuyết tật | |
| 245 | 0 | |c Nguyễn Kim Thanh (chủ biên), Nguyễn Thị Diễm Hương | |
| 260 | |a Thành phố Hồ Chí Minh | ||
| 260 | |b Trường Đại học Mở | ||
| 260 | |c 2018 | ||
| 520 | |a Nội dung giới thiệu tổng quan về người khuyết tật. Nhu cầu, rào cản, vấn đề tiếp cận và tạo điều kiện thích hợp cho người khuyết tật. Cơ sở pháp lý và các tổ chức bảo vệ của người khuyết tật. Quản lý trường hợp với người khuyết tật. | ||
| 526 | |a Thực hành công tác xã hội,Công tác xã hội | ||
| 526 | |b XN225,XN113 | ||
| 650 | |a Người khuyết tật,People with disabilities | ||
| 650 | |x Quan tâm,Care | ||
| 910 | |b dqhieu | ||
| 980 | |a Trung tâm Học liệu Trường Đại học Cần Thơ | ||